Russian Words Quiz - Statistics

General Stats
  • This quiz has been taken 1,793 times
  • The average score is 26 of 36
Answer Stats
Русский English % Correct
Да Yes
99%
Нет No
98%
Привет Hello
96%
Я I
96%
Он He
94%
Она She
90%
Спасибо Thanks
89%
Вы You
89%
Москва Moscow
88%
Водка Vodka
87%
Дом House
86%
Бабушка Grandmother
83%
Владимир Vladimir
82%
Добро Good
79%
Мы We
79%
Автомобиль Car
76%
Молоко Milk
76%
Воды Water
76%
День Day
74%
Утро Morning
70%
Женщина Woman
70%
На On
67%
Урал Ural
64%
Космос Space
62%
Кремль Kremlin
59%
Страна Country
57%
Сибирь Siberia
57%
Это It
55%
Снег Snow
55%
Царь Tsar
55%
Муж Man
51%
Мир World
50%
Балалайка Balalaika
47%
Рулетка Roulette
47%
Дитя Child
33%
Шапка Cap
25%
No matching quizzes found
Score Distribution
Percent of People with Each Score
Percentile by Number Answered
Your Score History
You have not taken this quiz